Artists / Singers by their Songs #21 - Statistics

General Stats
  • This quiz has been taken 123 times
  • The average score is 5 of 10
Answer Stats
Hint Answer % Correct
Rolling in the Deep / Someone Like You / Hello / Skyfall Adele
100%
Another Brick in the Wall, Part 2 / Wish You Were Here / Echoes / Comfortably Numb Pink Floyd
67%
I’d Do Anything for Love (but I Won’t Do That) / Bat Out of Hell / Two Out of Three Ain't Bad / Read ’em and Weep Meat Loaf
55%
Maneater / You Make My Dreams / Rich Girl / I Can’t Go for That (No Can Do) Hall & Oates
51%
Dog Days Are Over / You've Got the Love / Spectrum (Say My Name) / Shake It Out Florence + the Machine
47%
I'm Every Woman / I Feel for You / Ain't Nobody / I Feel for You Chaka Khan
40%
On the Road Again / Always on My Mind / Whiskey River / Blue Eyes Crying In the Rain Willie Nelson
33%
Lose Control / The Door / Bad Dreams / All That Really Matters Teddy Swims
26%
Don't Wanna Lose You / Turn the Beat Around / Music of My Heart / Conga Gloria Estefan
21%
Only Love Can Hurt Like This / Lullaby / Changing / Picking Up the Pieces Paloma Faith
18%
No matching quizzes found
Score Distribution
Percent of People with Each Score
Percentile by Number Answered
Your Score History
You have not taken this quiz